01867cam a22004217a 4500003000500000005001700005008004100022010001000063011001000073020001500083035001000098040000900108082001800117100003600135245011300171260008800284300001100372410006300383490005700446590004100503590004100544590004100585590004100626590004200667650002900709650003800738700002900776810007100805830006500876901000700941905002600948942001000974949007900984949008401063999001701147952013801164952014301302CHAP20220329141911.0980508d1998 us r 00110 eng d a75479 a76451 a1878367315 a86036 cCHAP04a333.0972bC6700aCornelius, Wayne A.eed.92803714aThe transformation of rural Mexico :breforming the ejido sectorc/ed. by Wayne A. Cornelius and David Myhre aSan Diego , Ca. :bUniversity of California. Center of U.S. Mexican Studies,c1998. a437 p.21aUniversity of California. Center for U. S.-Mexican Studies 0aU.S. México contemporary perspectives seriesv; 12 aBATCH-UPDb10c20130110lUCH01h0722 aBATCH-UPDb10c20130110lUCH01h2339 aBATCH-UPDb10c20130410lUCH01h0406 aBATCH-UPDb10c20130914lUCH01h1049 aCONVERSIONb10c20130109lUCH01h134114aEjidoszMéxico.93603914aReforma agrariazMéxico.9955960 aMyhre, Davideed.97994900aUniversity of California. Center for U. S.-Mexican Studies911670600aU.S. México contemporary perspectives seriesv; 129115786 aBK aAlejandra Carrasco M. cLIBRO a333.0972 C67bBCcLIBROd33724000688198eLIBROh93233i86036sbtDonaciØn a333.0972 C67bBCcLIBROd33724000781290eLIBROfc.2h96714i86036sitDonaciØn c75479d75479 00102ddc4052708GRALaBCbBCcPA_GRALd2019-12-31fLIBROl0o333.0972 C67p33724000688198r2019-12-31 00:00:00w2019-12-31yLIBRO 00102ddc4052708GRALaBCbBCcPA_GRALd2019-12-31fLIBROl0o333.0972 C67p33724000781290r2019-12-31 00:00:00tc.2w2019-12-31yLIBRO